| Registos Bibliográficos associados ao registo de autoridade |
|
Etiqueta de registo: 00230nam 2200025 450 001 1754706 003 http://id.bnportugal.gov.pt/bib/catbnp/1754706 010 ## $a978-972-588-154-182-8 021 ## $aPT$b258160/07 100 ## $a20060124d2007 m d0pory0103 ba 101 0# $apor 102 ## $aPT 105 ## $aa b 000yy 106 ## $ar 200 1# $aPesos & medidas padrão$fSalomé Abreu, Ricardo Rodrigues$g[comis.] Museu Municipal de Viana do Castelo 210 #9 $aViana do Castelo$cC.M.,$dD.L. 2007 215 ## $a48 p.$cil.$d21cm 532 13 $aPesos e medidas padrão 675 ## $a069.5(469.111)$vBN$zpor$31043850 675 ## $a531.7(083.82)$vBN$zpor$31441730 700 #1 $aSalomé,$bAbreu$31227939 701 #1 $aRodrigues,$bRicardo,$f1976-$4070$31306739 712 00 $aMuseu Municipal de Viana do Castelo$4273$320579 801 #0 $aPT$bBN$gRPC 900 ## $aBIBNAC$d20101202 966 ## $lBN$mFGMON$sP. 29665 V.$x1 966 ## $lBN$mFGMON$sP. 29665 V.-D$x1
Etiqueta de registo: 00230nam 2200025 450 001 1362851 003 http://id.bnportugal.gov.pt/bib/catbnp/1362851 010 ## $a972-588-154-0 021 ## $aPT$b189601/02 100 ## $a20060124d2003 m y0pory0103 ba 101 0# $apor 102 ## $aPT 105 ## $aa b 100yy 106 ## $ar 200 1# $aPresépios$fIII Prémio de Artesanato "Natal em Viana do Castelo"$gorg. Câmara Municipal de Viana do Castelo$gtexto Alberto A. Abreu$g coor. Salomé Abreu, Lucinda Soares$gfot. Dbute 210 #9 $aViana do Castelo$cC.M.,$d2003 215 ## $a36, [3] p.$cil.$d21x21 cm 606 ## $aPresépios$yPortugal$xExposições$j[Catálogos]$2SIPOR$31251212 675 ## $a730.046(469)(083.82)$vBN$zpor$31251213 675 ## $a272-312$vBN$zpor$31239538 675 ## $a272-526$vBN$zpor$31245390 702 #1 $aAbreu,$bAlberto A.,$f1945-$4340$31199 702 #1 $aSalomé,$bAbreu$4340$31227939 702 #1 $aSoares,$bLucinda$4340$3168175 710 12 $aPrémio de Artesanato "Natal em Viana do Castelo",$d3,$eViana do Castelo,$f2003$31257144 712 01 $aViana do Castelo.$bCâmara Municipal$4273$320576 712 02 $aDbute$4600$31227897 801 #0 $aPT$bBN$gRPC 900 ## $aBIBNAC$d20130602 966 ## $lBN$mFGMON$sB.A. 25526 V.$x1 966 ## $lBN$mFGMON$sB.A. 25526 V.-D $x1
Etiqueta de registo: 00254nam 2200025 450 001 2284186 003 http://id.bnportugal.gov.pt/bib/catbnp/2284186 010 ## $a978-972-588-362-4 021 ## $aPT$b515655/23 100 ## $a20260413d2023 m d0pory01030103ba 101 0# $apor$aeng 102 ## $aPT 105 ## $aa b 000yy 106 ## $ar 200 1# $aViana$e uma vocação marítima$ena rota do Oriente$dViana$e the call of the sea$eon the route to the Orient$fMensagem Luís Nobre$gorg. Câmara Municipal de Viana do Castelo$gcoord. Salomé Abreu$gtextos Henrique Costa, Ricardo Rodrigues, Regina Pereira$gtrad. Anabela Reis Alves$zeng 210 #9 $aViana do Castelo$cCâmara Municipal de Viana do Castelo$cMuseu de Artes Decorativas de Viana do Castelo,$d2023 215 ## $a125, [2] p.$cil.$d29 cm 305 ## $aEd. bilingue em português e inglês 510 1# $aViana$e the call of the sea$eon the route to the Orient$zeng 675 ## $a069.5(469.111)$vBN$zpor$31043850 675 ## $a73/75.04(469.111)"14/19"(042)$vBN$zpor$31996941 675 ## $a73/75.04(469.111)"14/19"(083.82)$vBN$zpor$31996940 702 #1 $94$aNobre,$bLuís$4080$31876170 702 #1 $aRodrigues,$bRicardo,$f1976-$4070$31306739 702 #1 $92$aPereira,$bRegina$4070$31909278 702 #1 $aAlves,$bAnabela Reis$4730$31310303 702 #1 $aCosta,$bHenrique$4070$3156462 702 #1 $aSalomé,$bAbreu$4340$31227939 712 01 $aViana do Castelo.$bCâmara Municipal$4273$320576 801 #0 $aPT$bBN$gRPC 856 41 $uhttp://rnod.bnportugal.gov.pt/ImagesBN/winlibimg.aspx?skey=&doc=2284186&img=221829&save=true 900 ## $aBIBNAC$d20260507 966 ## $lBN$mFGMON$sP. 72651 V.$x1 966 ## $lBN$mFGMON$sP. 72651 V.-D$x1 971 ## $cabrito$d20260413 972 ## $e0$z0$d20260507$vasantos 973 ## $ctrodrigues$d20260427 975 ## $e0$d20260508$viquintas
|
|
|